logo

Bir Sreshtho Munshi Abdur Rouf Library
Jhenaidah Cadet College

টেলিভিশনের কথা / (Record no. 3783)

MARC details
000 -LEADER
fixed length control field 00637nam a2200217 a 4500
001 - CONTROL NUMBER
JCCL Control Number 3783
003 - CONTROL NUMBER IDENTIFIER
JCCL marc code BD-JhCC
005 - DATE AND TIME OF LATEST TRANSACTION
control field 20171118175334.0
008 - FIXED-LENGTH DATA ELEMENTS--GENERAL INFORMATION
fixed length control field 171118s1987 bg a|||| |||| 000 0 ben d
035 ## - SYSTEM CONTROL NUMBER
system control number (BD-JhCC)3783
040 ## - CATALOGING SOURCE
Original cataloging agency BD-JhCC
Modifying agency BD-JhCC
041 ## - LANGUAGE CODE
Language code of Book ben
082 ## - DEWEY DECIMAL CLASSIFICATION NUMBER
Classification number 621.388
Author mark and Year ALM 1987
100 ## - MAIN ENTRY--PERSONAL NAME
Personal name আল-মুতী, আবদুল্লাহ
245 ## - TITLE STATEMENT
Title টেলিভিশনের কথা /
Statement of responsibility, etc আবদুল্লাহ আল-মুতী
260 ## - PUBLICATION, DISTRIBUTION, ETC. (IMPRINT)
Place of publication, distribution, etc ঢাকা :
Name of publisher, distributor, etc মুক্তধারা,
Date of publication, distribution, etc 1987.
300 ## - PHYSICAL DESCRIPTION
Pagination 88 p. :
Dimensions 24 cm.
650 ## - SUBJECT ADDED ENTRY--TOPICAL TERM
Topical term or geographic name as entry element Television
942 ## - ADDED ENTRY ELEMENTS (KOHA)
Source of classification or shelving scheme Dewey Decimal Classification
Koha item type Books
Holdings
Source of classification or shelving scheme Damaged status Not for loan Home library Current library Shelving location Date of accession Cost, normal purchase price Total Checkouts Full call number Barcode Date last seen Copy number Koha item type
Dewey Decimal Classification     JCC Rouf Library JCC Rouf Library General Stacks 11/17/2017 75.00   621.388 ALM 1987 4090 11/18/2017 C-1 Books

JCC Library | Contacts | JCC Home

Last Update on 23 September 2017
Copyright @ 2017-2020 JCC Rouf Library
Rouf Library, Jhenidah Cadet College (JCC), Bangladesh